000 00544nam a22001817a 4500
005 20251108171013.0
008 250721s1998 xx 000 0 ara d
082 1 4 _a928.1/مقف
100 1 _aعطوان، محمد
245 1 0 _aعبد الله بن المقفع 142هـ /
264 1 _aبيروت :
_bدار ميرزا للنشر و التوزيع،
_c1998.
300 _a412ص
650 1 7 _aالأدب العربي
650 1 7 _aالتراجم
650 1 7 _aالعصر العباسي الأول
942 _2ddc
_cBK
999 _c54136
_d54136